00851nam a2200253 a 450000100060000000300080000600500170001400800410003102000450007202000220011703500190013904000270015804100080018508200250019324501240021825000120034226000560035430000350041050400540044565000160049970000370051570000200055270000250057257555BD-RjUL20211209080527.0941207s1995 caua b 000 0 eng  a0803971966 (alk. paper : acidfree paper) a0803971974 (pbk.) a(BD-RjUL)57679 aDLCcDLCdBD-RjULbeng aeng00a302.23223bQUE 199500aQuestioning the media :ba critical introduction /cedited by John Downing, Ali Mohammadi, Annabelle Sreberny-Mohammadi a2nd ed. aThousand Oaks, Calif. :bSage Publications,cc1995. axxix, 511 p. :bill. ;c24 cm. aIncludes bibliographical references (p. 494-506). 0aMass media.1 aDowning, Johnq(John Derek Hall)1 aMohammadi, Ali.1 aSreberny, Annabelle.